• 首页
  • 本馆介绍
  • 公告通知
  • 最新文献
  • 馆藏检索
  • 电子资源
  • 读者导购
  • 参考咨询
  • 我的图书馆
  • 登录
  • 详细信息显示
  • 放入我的书架
  • 预约/预借图书
  • 作者相关作品
  • 分类相关作品
  • 丛书相关作品
  • 出版社相关作品

书目信息

  • 表格格式
  • 工作单格式
  • 卡片格式
题名:
AutoCAD 2016中文版室内设计教程
    
 
作者: 郭林森 , 杨希博 , 马金鑫 主编
分册:  
出版信息: 北京   中国青年出版社  2018
页数: 248页
开本: 26cm
丛书名:
单 册:
中图分类: TU238.2-39 , TU238-39
科图分类:
主题词: 室内装饰设计--Shi Nei Zhuang Shi She Ji--计算机辅助设计--AutoCAD软件--教材
电子资源:
ISBN: 978-7-5153-4913-8
000 01110nam0 2200289 450
001 012001003458
005 20140130171023.0
010    @a978-7-5153-4913-8@dCNY39.90
099    @aCAL 012018066493
100    @a20180419d2018 ekmy0chiy50 ea
101 0  @achi
102    @aCN@b110000
105    @aak z 000yy
106    @ar
200 1  @aAutoCAD 2016中文版室内设计教程@AAutocad 2016 Zhong Wen Ban Shi Nei She Ji Jiao Cheng@f郭林森, 杨希博, 马金鑫主编
210    @a北京@c中国青年出版社@d2018
215    @a248页@c图@d26cm
330    @a本书从全面提升AutoCAD设计能力的角度出发,结合AutoCAD 2016软件绘图知识和操作案例,讲解如何利用AutoCAD进行室内设计施工图的绘制,让读者能够利用计算机辅助设计软件来独立完成图纸的绘制。
333    @aAutoCAD爱好者及相关专业学生
606 0  @a室内装饰设计@AShi Nei Zhuang Shi She Ji@x计算机辅助设计@xAutoCAD软件@j教材
690    @aTU238.2-39@v5
690    @aTU238-39@v4
701  0 @a郭林森@AGuo Lin Sen@4主编
701  0 @a杨希博@AYang Xi Bo@4主编
701  0 @a马金鑫@AMa Jin Xin@4主编
801  2 @aCN@b北京卓展@c20191020
905    @b1211719-22@dTU238.2-39@e1583@f4
    
    AutoCAD 2016中文版室内设计教程/郭林森, 杨希博, 马金鑫主编.-北京:中国青年出版社,2018
    248页:图;26cm
    使用对象:AutoCAD爱好者及相关专业学生
    
    ISBN 978-7-5153-4913-8:CNY39.90
    本书从全面提升AutoCAD设计能力的角度出发,结合AutoCAD 2016软件绘图知识和操作案例,讲解如何利用AutoCAD进行室内设计施工图的绘制,让读者能够利用计算机辅助设计软件来独立完成图纸的绘制。
●
相关链接 在E读中查询图书 在五车中查询图书 在当当中查询图书 在豆瓣中查询图书


正题名:AutoCAD 2016中文版室内设计教程     索取号:TU238.2-39/1583         预约/预借

序号 登录号 条形码 馆藏地/架位号 状态 备注
1 1211719   212117190   第二样本阅览室/ [索取号:TU238.2-39/1583] 在馆    
2 1211720   212117207   第三借阅区/ [索取号:TU238.2-39/1583] 在馆    
3 1211721   212117216   第三借阅区/ [索取号:TU238.2-39/1583] 在馆    
4 1211722   212117225   第三借阅区/ [索取号:TU238.2-39/1583] 在馆    
唐山师范学院图书馆 欢迎您!
大连网信软件有限公司© 版权所有